<?xml version="1.0" encoding="UTF-8"?><marc:collection xmlns:marc="http://www.loc.gov/MARC21/slim">
  <marc:record>
    <marc:leader>00000cam  2200000zi 4500</marc:leader>
    <marc:controlfield tag="001">9.962733</marc:controlfield>
    <marc:controlfield tag="003">CaOODSP</marc:controlfield>
    <marc:controlfield tag="005">20260514113918</marc:controlfield>
    <marc:controlfield tag="006">m     o  d f      </marc:controlfield>
    <marc:controlfield tag="007">cr mn|||||||||</marc:controlfield>
    <marc:controlfield tag="008">260512s1999    bccab   ob   f000 0 eng d</marc:controlfield>
    <marc:datafield tag="040" ind1=" " ind2=" ">
      <marc:subfield code="a">CaOODSP</marc:subfield>
      <marc:subfield code="b">eng</marc:subfield>
      <marc:subfield code="e">rda</marc:subfield>
      <marc:subfield code="c">CaOODSP</marc:subfield>
    </marc:datafield>
    <marc:datafield tag="041" ind1="0" ind2=" ">
      <marc:subfield code="a">eng</marc:subfield>
      <marc:subfield code="b">eng</marc:subfield>
      <marc:subfield code="b">fre</marc:subfield>
    </marc:datafield>
    <marc:datafield tag="043" ind1=" " ind2=" ">
      <marc:subfield code="a">n-cn-bc</marc:subfield>
      <marc:subfield code="a">pn-----</marc:subfield>
    </marc:datafield>
    <marc:datafield tag="045" ind1=" " ind2=" ">
      <marc:subfield code="a">x9x9</marc:subfield>
    </marc:datafield>
    <marc:datafield tag="086" ind1="1" ind2=" ">
      <marc:subfield code="a">Fs97-4/2494E-PDF</marc:subfield>
      <marc:subfield code="z">Fs97-4/2494E</marc:subfield>
    </marc:datafield>
    <marc:datafield tag="100" ind1="1" ind2=" ">
      <marc:subfield code="a">Boutillier, J. A., </marc:subfield>
      <marc:subfield code="e">author.</marc:subfield>
    </marc:datafield>
    <marc:datafield tag="245" ind1="1" ind2="0">
      <marc:subfield code="a">Shrimp survey and resulting management actions, Fraser River shrimp management area, August 1998 / </marc:subfield>
      <marc:subfield code="c">by J.A. Boutillier, J.A. Bond, H. Nguyen, and K. West.</marc:subfield>
    </marc:datafield>
    <marc:datafield tag="264" ind1=" " ind2="1">
      <marc:subfield code="a">Nanaimo, British Columbia : </marc:subfield>
      <marc:subfield code="b">Fisheries and Oceans Canada, Science Branch, Pacific Region, Pacific Biological Station, </marc:subfield>
      <marc:subfield code="c">1999.</marc:subfield>
    </marc:datafield>
    <marc:datafield tag="300" ind1=" " ind2=" ">
      <marc:subfield code="a">1 online resource (vi, 33 pages) : </marc:subfield>
      <marc:subfield code="b">illustration, map.</marc:subfield>
    </marc:datafield>
    <marc:datafield tag="336" ind1=" " ind2=" ">
      <marc:subfield code="a">text</marc:subfield>
      <marc:subfield code="b">txt</marc:subfield>
      <marc:subfield code="2">rdacontent</marc:subfield>
    </marc:datafield>
    <marc:datafield tag="337" ind1=" " ind2=" ">
      <marc:subfield code="a">computer</marc:subfield>
      <marc:subfield code="b">c</marc:subfield>
      <marc:subfield code="2">rdamedia</marc:subfield>
    </marc:datafield>
    <marc:datafield tag="338" ind1=" " ind2=" ">
      <marc:subfield code="a">online resource</marc:subfield>
      <marc:subfield code="b">cr</marc:subfield>
      <marc:subfield code="2">rdacarrier</marc:subfield>
    </marc:datafield>
    <marc:datafield tag="490" ind1="1" ind2=" ">
      <marc:subfield code="a">Canadian manuscript report of fisheries and aquatic sciences, </marc:subfield>
      <marc:subfield code="y">0706-6473 ; </marc:subfield>
      <marc:subfield code="v">2494</marc:subfield>
    </marc:datafield>
    <marc:datafield tag="500" ind1=" " ind2=" ">
      <marc:subfield code="a">Digitized edition from print [produced by Department of Fisheries and Oceans].</marc:subfield>
    </marc:datafield>
    <marc:datafield tag="504" ind1=" " ind2=" ">
      <marc:subfield code="a">Includes bibliographical references (page 7).</marc:subfield>
    </marc:datafield>
    <marc:datafield tag="520" ind1="3" ind2=" ">
      <marc:subfield code="a">"This report forms part of a series that details the assessment and management actions undertaken in the shrimp trawl fisheries off the Pacific coast of Canada in 1998. An area-swept shrimp trawl survey was undertaken in the Fraser River Shrimp Management Area (FR SMA) in August, 1998. The DFO research vessel Caligus was used to complete the survey, which covered portions of Pacific Fisheries Management Areas (PFMA) 28 and 29. The fisheries in this area are primarily for the smooth pink shrimp, Pandalus jordani, the Northern pink shrimp, Pandalus borealis eous, and the sidestripe shrimp, Pandalopsis dispar. Biomass indices of shrimp by species were determined in select trawlable areas of the FR SMA. While the collection of shrimp data and the bycatch of halibut and eulachon were priorities over detailed information on bycatch, catch information on all species was collected. Landings of prawns were minor, and no halibut or eulachon were caught during the survey. Because of conservation concerns, a fixed exploitation rate of 25% (as opposed to the standard exploitation rate of 33%) was applied to the biomass estimates of shrimp by species. Catch ceilings, quotas, and other management actions as results of the survey are discussed. These survey data are the first data in developing a time series of survey indices for the area. This survey data set will complement established logbook and biological sampling data sets from the area and will be used in combination to provide an assessment of the health of the stocks in the area. Until a long-term database is available, the initial survey biomass indices will be used as absolute estimates for the purpose of setting quotas"--Abstract, page iii.</marc:subfield>
    </marc:datafield>
    <marc:datafield tag="546" ind1=" " ind2=" ">
      <marc:subfield code="a">Includes abstracts in English and French.</marc:subfield>
    </marc:datafield>
    <marc:datafield tag="650" ind1=" " ind2="0">
      <marc:subfield code="a">Shrimp surveys</marc:subfield>
      <marc:subfield code="z">British Columbia</marc:subfield>
      <marc:subfield code="z">Pacific Coast.</marc:subfield>
    </marc:datafield>
    <marc:datafield tag="650" ind1=" " ind2="0">
      <marc:subfield code="a">Shrimp populations</marc:subfield>
      <marc:subfield code="z">British Columbia</marc:subfield>
      <marc:subfield code="z">Pacific Coast.</marc:subfield>
    </marc:datafield>
    <marc:datafield tag="650" ind1=" " ind2="0">
      <marc:subfield code="a">Shrimp fisheries</marc:subfield>
      <marc:subfield code="z">British Columbia</marc:subfield>
      <marc:subfield code="x">Pacific Coast</marc:subfield>
      <marc:subfield code="x">Management.</marc:subfield>
    </marc:datafield>
    <marc:datafield tag="650" ind1=" " ind2="6">
      <marc:subfield code="a">Crevettes</marc:subfield>
      <marc:subfield code="x">Inventaires</marc:subfield>
      <marc:subfield code="z">Colombie-Britannique</marc:subfield>
      <marc:subfield code="z">Pacifique, Côte du.</marc:subfield>
    </marc:datafield>
    <marc:datafield tag="650" ind1=" " ind2="6">
      <marc:subfield code="a">Crevettes</marc:subfield>
      <marc:subfield code="x">Populations</marc:subfield>
      <marc:subfield code="z">Colombie-Britannique</marc:subfield>
      <marc:subfield code="z">Pacifique, Côte du.</marc:subfield>
    </marc:datafield>
    <marc:datafield tag="650" ind1=" " ind2="6">
      <marc:subfield code="a">Crevettes</marc:subfield>
      <marc:subfield code="x">Pêche commerciale</marc:subfield>
      <marc:subfield code="z">Colombie-Britannique</marc:subfield>
      <marc:subfield code="z">Pacifique, Côte du</marc:subfield>
      <marc:subfield code="x">Gestion.</marc:subfield>
    </marc:datafield>
    <marc:datafield tag="710" ind1="1" ind2=" ">
      <marc:subfield code="a">Canada. </marc:subfield>
      <marc:subfield code="b">Department of Fisheries and Oceans, </marc:subfield>
      <marc:subfield code="e">issuing body.</marc:subfield>
    </marc:datafield>
    <marc:datafield tag="710" ind1="2" ind2=" ">
      <marc:subfield code="a">Pacific Biological Station (1972- ), </marc:subfield>
      <marc:subfield code="e">issuing body.</marc:subfield>
    </marc:datafield>
    <marc:datafield tag="830" ind1="#" ind2="0">
      <marc:subfield code="a">Canadian manuscript report of fisheries and aquatic sciences ;</marc:subfield>
      <marc:subfield code="v">2494.</marc:subfield>
      <marc:subfield code="w">(CaOODSP)9.505211</marc:subfield>
    </marc:datafield>
    <marc:datafield tag="856" ind1="4" ind2="0">
      <marc:subfield code="q">PDF</marc:subfield>
      <marc:subfield code="s">1.00 MB</marc:subfield>
      <marc:subfield code="u">https://publications.gc.ca/collections/collection_2026/mpo-dfo/fs97-4/Fs97-4-2494-eng.pdf</marc:subfield>
    </marc:datafield>
  </marc:record>
</marc:collection>
